LEADER 00478nab a2200145 i 4500 001 000000311685 003 CaOOAMICUS 005 20180831173037.0 008 180831n xx uu u0 0und r 013 $a20773 040 $aSeMil$bita 100 1 $aMunerati, Dante.$0(OLS)http://semarc/name/9712 245 10$aDi un punto controverso sulle leggi penali. 773 0 $t[Gennaio-Giugno].$g303-310$w()274182 996 $6245$aDi un punto controverso sulle leggi penali$9(OLS)http://semarc/title/386246 LEADER 00952nam a2200241 i 4500 001 000000141402 003 CaOOAMICUS 005 20050718000000.0 008 050718s1968 it u000 u fre u 013 $a115887 040 $aSeMil$bita 100 1 $aDufrenne, Mikel <1910- >.$0(OLS)http://semarc/name/50730 245 10$aPour l'homme :$bessai /$cMikel Dufrenne. 260 $aParis :$bEd. du Seuil,$cstampa 1968. 300 $a251 p. ;$c21 cm. 490 0 $aCollection Esprit. La condition humaine 650 4$aAntropologia filosofica.$0(OLS)http://semarc/subject/976 830 0$aEsprit. La condition humaine.$0(OLS)http://semarc/title/23690 850 $aSeMil 852 $aSeMil$W1$xVenegono$y1$m660 81 3 *$j94646$B94646$CSeMilBibl$Z2$F100408 $81 961 $aLascito: Corradi mons. Enrico 996 $6245$aPour l'homme :$bessai$9(OLS)http://semarc/title/206627 996 $6260$aParis :$bEd. du Seuil$9(OLS)http://semarc/publisher/30152